| 000 | 00000cam 2200000zi 4500 |
| 001 | 9.946431 |
| 003 | CaOODSP |
| 005 | 20251117134548 |
| 006 | m o d f |
| 007 | cr cn||||||||| |
| 008 | 241224e20251114oncad obs f000 0 eng d |
| 020 | |a9780660750729 |
| 040 | |aCaOODSP|beng|erda|cCaOODSP |
| 043 | |an-cn--- |
| 086 | 1 |aCS89-657/2025-2E-PDF |
| 245 | 00|aSurvey on the official language minority population : |buser guide, 2022 (2025 revisions). |
| 264 | 1|a[Ottawa] : |bStatistics Canada = Statistique Canada, |cNovember 14, 2025. |
| 264 | 4|c©2025 |
| 300 | |a1 online resource (56 pages) : |billustrations, graphs. |
| 336 | |atext|btxt|2rdacontent |
| 337 | |acomputer|bc|2rdamedia |
| 338 | |aonline resource|bcr|2rdacarrier |
| 490 | 1 |aEthnicity, language and immigration thematic series, |x2371-5006 |
| 500 | |aCover title. |
| 500 | |aIssued also in French under title: Enquête sur la population de langue officielle en situation minoritaire : guide de l'utilisateur, 2022 (révisions de 2025). |
| 504 | |aIncludes bibliographical references (page 56). |
| 520 | |a"The Survey on the Official Language Minority Population (SOLMP) was conducted by Statistics Canada in 2022 with the cooperation and support of Canadian Heritage. It is a postcensal survey of the English-speaking population in Quebec and the French-speaking population elsewhere in Canada. Questions were designed to assess changes in the official language minority populations since 2006, when a similar survey (Survey on the Vitality of Official-Language Minorities [SVOLM]) was conducted by Statistics Canada, and to provide new information on emerging issues regarding these minority populations. The survey includes two broad samples: one for adults belonging to the official language minority population, and another composed of children who either have a parent belonging to an official language minority population or are themselves eligible for instruction in the minority official language"--Survey description, page 5. |
| 650 | 0|aLanguage policy|zCanada|vStatistics. |
| 650 | 0|aBilingualism|xGovernment policy|zCanada|vStatistics. |
| 650 | 0|aLinguistic minorities|zCanada|xAttitudes. |
| 650 | 0|aLinguistic minorities|zCanada|vStatistics. |
| 655 | 7|aStatistics|2lcgft |
| 710 | 2 |aStatistics Canada, |eissuing body. |
| 775 | 08|tEnquête sur la population de langue officielle en situation minoritaire : |w(CaOODSP)9.946430 |
| 795 | |tSurvey on the official language minority population : |b2024|w(CaOODSP)9.945516 |
| 830 | #0|aEthnicity, language and immigration thematic series (Statistics Canada)|x2371-5006|w(CaOODSP)9.824152 |
| 856 | 40|qPDF|s759 KB|uhttps://publications.gc.ca/collections/collection_2025/statcan/89-657-x/89-657-x2025002-eng.pdf |
| 856 | 4 |qHTML|sN/A|uhttps://www150.statcan.gc.ca/n1/pub/89-657-x/89-657-x2025002-eng.htm |
| 986 | |a89‑657‑X2025002 |